Political leaders of the Twentieth Castro: A political biography

Αποθηκεύτηκε σε:
Λεπτομέρειες βιβλιογραφικής εγγραφής
Κύριος συγγραφέας: Matthews, Herbert L.
Μορφή: Βιβλίο
Γλώσσα:English
Έκδοση: Inglaterra: Penguin Books, 1969
Σειρά:Political Leaders of the Twentieth Century
Θέματα:
Ετικέτες: Προσθήκη ετικέτας
Δεν υπάρχουν, Καταχωρήστε ετικέτα πρώτοι!

MARC

LEADER 00000nam a22000007a 4500
003 cru CIDCACS/IIS
005 20231127110016.0
007 ta
008 171020t1969 enk|||||r|||| 00| 0 eng d
040 |c cru CIDCACS/IIS  |a cru CIDCACS/IIS 
090 |a 04.04.02 M438p 
100 1 |9 5728  |a Matthews, Herbert L. 
245 1 |a Political leaders of the Twentieth Castro:  |b A political biography  |c Herbert L. Matthews 
260 |a Inglaterra:  |b Penguin Books,   |c 1969 
300 |a 377 páginas:  |b mapa 
440 |9 5727  |a Political Leaders of the Twentieth Century 
650 1 0 |9 236  |a MARXISMO 
650 1 0 |9 372  |a GUERRA FRIA 
650 1 0 |9 5182  |a REVOLUCION CUBANA 
650 1 0 |9 6343  |a CRISIS ECONOMICA 
942 |2 z  |c LI  |h 04.04.02 M438p  |i 17473  |6 040402_M438P_17473 
999 |c 40505  |d 40505